LEADER 01038nam0-22003491i-450- 001 990003980870403321 005 20090804115115.0 010 $a0-13-030367-4 035 $a000398087 035 $aFED01000398087 035 $a(Aleph)000398087FED01 035 $a000398087 100 $a20031120d2001----km-y0itay50------ba 101 0 $aeng 102 $aUS 105 $aa---a---001yy 200 1 $aLabView programming, data acquisition and analysis$fJeffrey Y. Beyon 210 $aUpper Saddle River [N.J.]$cPrentice-Hall$dc2001 215 $axxiv, 342 p.$cill.$d24 cm$ecd rom 225 1 $aVirtual instrumentation series 610 0 $aLabView 610 0 $aGrafica per computer 610 0 $aElaborazione del segnale$atecniche digitali 676 $a006 700 1$aBeyon,$bJeffrey Y.$0150162 801 0$aIT$bUNINA$gRICA$2UNIMARC 901 $aBK 912 $a990003980870403321 952 $a006-BEY-1$b2699$fSC1 959 $aSC1 996 $aLabView programming, data acquisition and analysis$9473682 997 $aUNINA LEADER 01171nam--2200373---450- 001 990001232510203316 005 20051031114923.0 035 $a000123251 035 $aUSA01000123251 035 $a(ALEPH)000123251USA01 035 $a000123251 100 $a20031031d1937----km-y0itay0103----ba 101 0 $alat 102 $aIT 105 $a||||||||001yy 200 1 $aFragmenta$fLivi Andronici$gcollegit M. Lenchantin De Gubernatis 210 $aAugustae Taurinorum [etc.]$cin aedibus Io. Bapt. Paraviae$d1937 215 $aXXXV, 48 p.$d19 cm 225 2 $aCorpus scriptorum Latinorum Paravianum$v63 410 0$12001$aCorpus scriptorum Latinorum Paravianum$v63 454 1$12001 461 1$1001-------$12001 700 1$aANDRONICUS,$bLucius Livius$0556556 702 1$aLENCHANTIN DE GUBERNATIS,$bMassimo 801 0$aIT$bsalbc$gISBD 912 $a990001232510203316 951 $aV.3.A. 296(VIII C 558)$b46672 L.M.$cVIII 959 $aBK 969 $aUMA 979 $aSIAV6$b10$c20031031$lUSA01$h1736 979 $aPATRY$b90$c20040406$lUSA01$h1728 979 $aCOPAT3$b90$c20051031$lUSA01$h1149 996 $aFragmenta$9987686 997 $aUNISA LEADER 03572oam 2201009zu 450 001 996335875103316 005 20210807002721.0 010 $a0-19-959803-7 035 $a(CKB)3360000000000683 035 $a(SSID)ssj0000621289 035 $a(PQKBManifestationID)12272129 035 $a(PQKBTitleCode)TC0000621289 035 $a(PQKBWorkID)10617129 035 $a(PQKB)10711495 035 $a(StDuBDS)EDZ0000091440 035 $a(EXLCZ)993360000000000683 100 $a20160829d2009 uy 101 0 $aeng 135 $aur||||||||||| 181 $ctxt 182 $cc 183 $acr 200 00$aOxford handbook of learning & intellectual disability nursing 210 $aOxford $cOxford University Press$d2009 215 $a1 online resource (624 p.) $cill 225 0 $aOxford handbooks in nursing Oxford handbook of learning & intellectual disability nursing 300 $aBibliographic Level Mode of Issuance: Monograph 311 $a0-19-953322-9 320 $aIncludes bibliographical references and index. 330 8 $aA practical, easily accessible, informative and up-to-date quick reference guide for students and practitioners of intellectual disability nursing who require guidance on the specific nursing care needs of patients with a learning or intellectual disability. 410 0$aOxford handbooks in nursing. 606 $aLearning disabilities$xNursing$vHandbooks, manuals, etc 606 $aIntellectual disability$xNursing$vHandbooks, manuals, etc 606 $aMental Disorders Diagnosed in Childhood 606 $aPublication Formats 606 $aCommunication Disorders 606 $aNeurobehavioral Manifestations 606 $aHealth Occupations 606 $aMental Disorders 606 $aNeurologic Manifestations 606 $aBehavior and Behavior Mechanisms 606 $aPublication Characteristics 606 $aDisciplines and Occupations 606 $aPsychiatry and Psychology 606 $aNervous System Diseases 606 $aSigns and Symptoms 606 $aDiseases 606 $aPathological Conditions, Signs and Symptoms 606 $aMental Retardation 606 $aLearning Disorders 606 $aNursing 606 $aHandbooks 606 $aMedicine$2HILCC 606 $aHealth & Biological Sciences$2HILCC 606 $aNeurology$2HILCC 615 0$aLearning disabilities$xNursing 615 0$aIntellectual disability$xNursing 615 2$aMental Disorders Diagnosed in Childhood 615 2$aPublication Formats 615 2$aCommunication Disorders 615 2$aNeurobehavioral Manifestations 615 2$aHealth Occupations 615 2$aMental Disorders 615 2$aNeurologic Manifestations 615 2$aBehavior and Behavior Mechanisms 615 2$aPublication Characteristics 615 2$aDisciplines and Occupations 615 2$aPsychiatry and Psychology 615 2$aNervous System Diseases 615 2$aSigns and Symptoms 615 2$aDiseases 615 2$aPathological Conditions, Signs and Symptoms 615 2$aMental Retardation 615 2$aLearning Disorders 615 2$aNursing 615 2$aHandbooks 615 7$aMedicine 615 7$aHealth & Biological Sciences 615 7$aNeurology 676 $a616.85/8890231 702 $aGates$b Bob 702 $aBarr$b Owen 801 0$bPQKB 906 $aBOOK 912 $a996335875103316 996 $aOxford handbook of learning & intellectual disability nursing$92305565 997 $aUNISA LEADER 01055nam a2200313 i 4500 001 991000780069707536 005 20020507173505.0 008 960626s1977 de ||| | eng 020 $a3540082409 035 $ab10756218-39ule_inst 035 $aLE01302207$9ExL 040 $aDip.to Matematica$beng 082 0 $a001.6425 084 $aAMS 68N20 100 1 $aHartmann, Alfred C.$059012 245 12$aA Concurrent PASCAL compiler for minicomputers /$cAlfred C. Hartmann 260 $aBerlin :$bSpringer-Verlag,$c1977 300 $a119 p. ;$c25 cm. 500 $aBibliography: p. [70] 650 4$aCompilers 650 4$aConcurrent Pascal 650 4$aMinicomputers 650 4$aProgram language 907 $a.b10756218$b21-09-06$c28-06-02 912 $a991000780069707536 945 $aLE013 68N HAR31 (1977)$g1$i2013000052298$lle013$o-$pE0.00$q-$rl$s- $t0$u0$v0$w0$x0$y.i10850545$z28-06-02 996 $aConcurrent pascal compiler for minicomputers$9384007 997 $aUNISALENTO 998 $ale013$b01-01-96$cm$da $e-$feng$gde $h2$i1